000 01245nam a2200349Ia 4500
005 20220317001616.0
007 ta
008 210831s20132018sp jr 000 jdspa d
020 _a9788493760106
040 _aCO-BoRNBP
_bspa
_erda
_cCO-BoRNBP
084 _aC DIC1
100 1 _aDickens, Charles
_d1812-1870
_eautor
245 1 0 _aPara leer al anochecer
_bhistorias de fantasmas
_cCharles Dickens ; traducción de Marian Womack y Enrique Gil-Delgado
250 _bOctava reimpresión, Novena reimpresión
264 1 _aMadrid
_bEditorial Impedimenta
_c2013
_c2018
300 _a236 páginas
_c20 cm
336 _atexto
_btxt
_2rdacontent
337 _asin mediación
_bn
_2rdamedia
338 _avolumen
_bnc
_2rdacarrier
534 _tTo be read at dusk
545 _aIncluye datos biográficos del autor en la solapa
650 1 7 _aCuentos ingleses
_ySiglo XIX
_2LEMB
650 1 7 _aLiteratura inglesa
_ySiglo XIX
_2LEMB
650 1 7 _aFantasmas
_vCuentos
_2LEMB
650 1 7 _aMiedo
_vCuentos
_2LEMB
650 1 7 _aSuspenso
_vCuentos
_2LEMB
650 1 7 _aNiños
_vCuentos
_2LEMB
650 1 7 _aMarinos
_vCuentos
_2LEMB
700 1 _aWomack, Marian
_etraductora
_9186487
700 1 _aGil-Delgado, Enrique
_etraductor
_9186488
942 _2loc
_cBKLIT
999 _c7518
_d7518